000
00298nam a22001097a 4500
008
151016b xxu||||| |||| 00| 0 eng d
020
_a
0155414968.
082
_a
338.5 CLO
100
_a
CLOWER ROBERT W,
245
_a
INTERMEDIATE MICROECONOMICS:
260
_a
NEW YORK:
_b
HARCOURT BRACE JOVANOVICH
_c
1988.
999
_c
3668
_d
3668